[Event "DEN-ch Seniors 65"]
[Site "Logumkloster"]
[Date "2020.02.13"]
[Round "5"]
[White "Morling, Aase"]
[Black "Jorgensen, Orla Eilegaard"]
[Result "1-0"]
[WhiteElo "1420"]
[BlackElo "1586"]
[PlyCount "69"]
[EventDate "2020.02.09"]
[EventType "swiss"]
[EventRounds "7"]
[EventCountry "DEN"]
[SourceTitle "EXT 2021"]
[Source "ChessBase"]
[SourceDate "2020.10.23"]
[SourceVersion "1"]
[SourceVersionDate "2020.10.23"]
[SourceQuality "1"]

1. e4 c5 2. c3 a6 3. d4 cxd4 4. cxd4 d5 5. e5 Bf5 6. Nc3 e6 7. Nf3 Nc6 8. Bd3 Bg4 9. h3 Bh5 10. g4 Bg6 11. 0-0 Be7 12. Be3 f6 13. Bxg6+ hxg6 14. Kg2 f5 15. Qd2 fxg4 16. hxg4 Nh6 17. Rh1 Kd7 18. Bxh6 gxh6 19. Rxh6 g5 20. Rxh8 Qxh8 21. Rh1 Qg7 22. a3 Rg8 23. Qc2 Rh8 24. Rxh8 Qxh8 25. Qg6 b5 26. b4 Qd8 27. Qf7 Qb6 28. Ne2 Kd8 29. Qxe6 a5 30. Qxd5+ Kc7 31. e6 axb4 32. axb4 Bd6 33. Qxg5 Nxb4 34. Qg7+ Kd8 35. Qd7# 1-0

[Event "DEN-ch Seniors 65"]
[Site "Logumkloster"]
[Date "2020.02.09"]
[Round "1"]
[White "Morling, Aase"]
[Black "Matras, Ove"]
[Result "0-1"]
[WhiteElo "1420"]
[BlackElo "1851"]
[PlyCount "112"]
[EventDate "2020.02.09"]
[EventType "swiss"]
[EventRounds "7"]
[EventCountry "DEN"]
[SourceTitle "EXT 2021"]
[Source "ChessBase"]
[SourceDate "2020.10.23"]
[SourceVersion "1"]
[SourceVersionDate "2020.10.23"]
[SourceQuality "1"]

1. e4 c6 2. d4 d5 3. exd5 cxd5 4. c4 Nf6 5. Nc3 g6 6. Qb3 e6 7. Be2 Bg7 8. Bf3 0-0 9. Nge2 Nc6 10. cxd5 exd5 11. 0-0 Qb6 12. Qxb6 axb6 13. Nxd5 Nxd5 14. Bxd5 Nxd4 15. Nxd4 Bxd4 16. Rd1 Bc5 17. Be3 Bg4 18. Bf3 Bxf3 19. gxf3 Rfd8 20. a3 Re8 21. Rd3 Re6 22. Rc1 Rc6 23. Bxc5 Rxc5 24. Rdc3 Rac8 25. Kf1 Kf8 26. Rxc5 bxc5 27. Ke2 Ke7 28. a4 b6 29. Ke3 Ke6 30. f4 Kf5 31. Kf3 Ke6 32. h3 Ra8 33. b3 Rd8 34. Re1+ Kf6 35. Re3 Rd6 36. Rc3 Ke6 37. Re3+ Kd7 38. Ke2 Kc6 39. Kf3 f6 40. h4 Kd5 41. Rd3+ Ke6 42. Re3+ Kf5 43. Rc3 Rd4 44. Kg3 Rxf4 45. f3 Rb4 46. Rd3 Ke5 47. Re3+ Kd6 48. Rd3+ Rd4 49. Rc3 f5 50. Rc4 Rxc4 51. bxc4 Ke5 52. f4+ Kd4 53. h5 Kxc4 54. hxg6 hxg6 55. Kh4 Kd4 56. Kg5 Ke4 0-1

[Event "Helsingor Xtracon op"]
[Site "Helsingor"]
[Date "2017.07.25"]
[Round "5"]
[White "Sorensen, Bernhard"]
[Black "Morling, Aase"]
[Result "1-0"]
[WhiteElo "1686"]
[BlackElo "1512"]
[PlyCount "101"]
[EventDate "2017.07.22"]
[EventType "swiss"]
[EventRounds "10"]
[EventCountry "DEN"]
[SourceTitle "CBM 179 Extra"]
[Source "ChessBase"]
[SourceDate "2017.08.23"]
[SourceVersion "1"]
[SourceVersionDate "2017.08.23"]
[SourceQuality "1"]

1. d4 Nf6 2. Bf4 e6 3. e3 d5 4. Nf3 Bd6 5. Bg3 0-0 6. Bd3 b6 7. c3 Bb7 8. Nbd2 Ne4 9. Bxd6 Qxd6 10. 0-0 c5 11. Qc2 f5 12. Ne5 Nc6 13. f4 Nxe5 14. fxe5 Qc6 15. Rf3 Ng5 16. Rf4 c4 17. Be2 Ne4 18. Raf1 Nxd2 19. Qxd2 Rf7 20. Bd1 Raf8 21. Qf2 g6 22. Qg3 Rg7 23. Qg5 Qd7 24. Kh1 Qe7 25. Qxe7 Rxe7 26. Be2 b5 27. a3 a6 28. g4 Ref7 29. gxf5 Rxf5 30. Bg4 Rxf4 31. Rxf4 Bc8 32. Rxf8+ Kxf8 33. h4 h5 34. Bh3 Ke7 35. Kg2 a5 36. Kg3 a4 37. Kf4 Kf7 38. e4 dxe4 39. Kxe4 Bb7+ 40. Kf4 Bd5 41. Bf1 Kg7 42. Be2 Kh6 43. Bf3 Bxf3 44. Kxf3 g5 45. hxg5+ Kxg5 46. Kg3 h4+ 47. Kh3 Kh5 48. Kh2 Kg5 49. Kg2 Kg4 50. d5 exd5 51. e6 1-0

[Event "Taastrup Winter 2nd Nederste"]
[Site "Taastrup"]
[Date "2016.11.26"]
[Round "2"]
[White "Hansen, Jacob Brendstrup"]
[Black "Morling, Aase"]
[Result "1/2-1/2"]
[WhiteElo "1186"]
[BlackElo "1485"]
[PlyCount "49"]
[EventDate "2016.11.11"]
[EventType "swiss"]
[EventRounds "9"]
[EventCountry "DEN"]
[SourceTitle "EXT 2024"]
[Source "ChessBase"]
[SourceDate "2023.10.10"]
[SourceVersion "1"]
[SourceVersionDate "2023.10.10"]
[SourceQuality "1"]

1. d4 Nf6 2. Nf3 e6 3. e3 d5 4. Bd3 c5 5. b3 Nc6 6. Bb2 Bd6 7. Nc3 0-0 8. Nb5 Qa5+ 9. Bc3 Qd8 10. Nxd6 Qxd6 11. Ne5 cxd4 12. exd4 Nd7 13. Nxc6 bxc6 14. Qd2 Rb8 15. Qe3 Re8 16. f4 Nf6 17. Qe5 Qxe5+ 18. fxe5 Nd7 19. 0-0-0 c5 20. Rde1 cxd4 21. Bxd4 Ra8 22. Bb5 a5 23. Bc6 Ra6 24. Bb5 Ra8 25. Bc6 1/2-1/2

[Event "Taastrup Spil Naar Vil 11"]
[Site "Taastrup"]
[Date "2016.04.21"]
[Round "3"]
[White "Morling, Aase"]
[Black "Ostergaard Nielsen, William"]
[Result "1/2-1/2"]
[WhiteElo "1527"]
[BlackElo "1215"]
[PlyCount "90"]
[EventDate "2016.03.31"]
[EventType "swiss"]
[EventRounds "7"]
[EventCountry "DEN"]
[SourceTitle "EXT 2024"]
[Source "ChessBase"]
[SourceDate "2023.10.10"]
[SourceVersion "1"]
[SourceVersionDate "2023.10.10"]
[SourceQuality "1"]

1. e4 e5 2. Nf3 Nf6 3. d4 exd4 4. e5 Qe7 5. Qxd4 Nc6 6. Qe3 Ng4 7. Qe4 Ngxe5 8. Nxe5 Qxe5 9. Qxe5+ Nxe5 10. Bf4 Bd6 11. Nc3 Nf3+ 12. gxf3 Bxf4 13. Nd5 Bd6 14. 0-0-0 b6 15. Re1+ Kf8 16. Bg2 Bb7 17. Nc3 Bc5 18. Re2 Ba6 19. Rd2 Re8 20. Ne4 d6 21. Nxc5 dxc5 22. Rd7 Rc8 23. Re1 Bb5 24. Rde7 g6 25. Bh3 f5 26. f4 h5 27. Bg2 Rg8 28. Bb7 Rd8 29. Rxc7 Rg7 30. Rxg7 Kxg7 31. Re7+ Kf6 32. Rc7 Rd4 33. Bc6 Bxc6 34. Rxc6+ Kf7 35. Rc7+ Ke6 36. Rc6+ Rd6 37. Rxd6+ Kxd6 38. Kd2 Kd5 39. Kd3 a5 40. c4+ Ke6 41. h4 Kd6 42. a4 Kc6 43. b3 Kd6 44. f3 Ke6 45. Ke3 Kd6 1/2-1/2

[Event "Politiken Cup 36th"]
[Site "Helsingor"]
[Date "2014.07.21"]
[Round "1"]
[White "Morling, Aase"]
[Black "Merkesvik, Sondre"]
[Result "0-1"]
[WhiteElo "1531"]
[BlackElo "2057"]
[PlyCount "100"]
[EventDate "2014.07.21"]
[EventType "swiss"]
[EventRounds "10"]
[EventCountry "DEN"]
[SourceTitle "CBM 161 Extra"]
[Source "ChessBase"]
[SourceDate "2014.08.29"]
[SourceVersion "1"]
[SourceVersionDate "2014.08.29"]
[SourceQuality "1"]

1. e4 c5 2. c3 d5 3. exd5 Qxd5 4. d4 Nc6 5. Nf3 g6 6. Be2 Bg7 7. Be3 Nf6 8. 0-0 0-0 9. dxc5 Rd8 10. Qxd5 Nxd5 11. Bd2 Bf5 12. Na3 Rac8 13. Nh4 Be6 14. Nc4 Ne5 15. Nxe5 Bxe5 16. Nf3 Bf4 17. Bxf4 Nxf4 18. Rfe1 Rxc5 19. Nd4 Bd5 20. Bf3 e6 21. Bxd5 Rcxd5 22. g3 Nd3 23. Re2 e5 24. Rd1 Nc5 25. b4 Na4 26. Rd3 exd4 27. c4 R5d7 28. Red2 Nb6 29. Rc2 Nc8 30. f4 f5 31. c5 Kf7 32. Kf2 Ne7 33. a3 Ng8 34. b5 Nf6 35. Kf3 Rc7 36. a4 Rd5 37. c6 bxc6 38. Rxc6 Rxc6 39. bxc6 Rc5 40. Rxd4 Rxc6 41. Rb4 Rc3+ 42. Kg2 Rc2+ 43. Kf1 Nd5 44. Rb7+ Rc7 45. Rxc7+ Nxc7 46. Ke2 Ke6 47. Kd3 Kd5 48. Kc3 a5 49. Kd3 Na6 50. Kc3 Nc5 0-1